1864 1081 1948 1423 1109 1541 1833 1130 1848 1256 1319 1781 1036 1644 1960 1525 1102 1584 1142 1443 1316 1077 1983 1745 1467 1678 1826 1565 1079 1741 1894 1863 1873 1045 1454 1266 1471 1920 1551 1284 1665 1805 1422 1352 1579 1540 1358 1467 1849 1245 1000 1073 1855 1926 1656 1423 1173 1811 1597 1095 1255 1648 1037 1845 1628 1188 1602 1099 1254 1863 1236 1231 1514 1004 1205 1287 1736 1074 1050 1659 1010 1307 1109 1069 1432 1274 1218 1078 1549 1844 1182 1215 1067 1691 1209 1797 1196 1833 1510 BCNSPRNW ULIB Ver.6.0+V

เปลี่ยนเป็นภาษาไทย

Change to English
 แสดงรายละเอียดบรรณานุกรม
  กลับหน้าหลัก

Brief Record : Get Marc (ISO 2709) : E-mail record : QR code < ปิดหน้าต่าง
LEADER : 00000nam 2200000uu 4500
001    13399125156
003     ULIB
008    161024s2558||||th 000 0 tha d
099    ^aวจ.WB537^bส984ผ
100    ^aโสภา ลี้ศิริวัฒกุล, คณิสร แก้วดง แลบุษยารัตน์ ลอยศักดิ์
245    ^aผลของการพัฒนาทักษะการนวดของเยาวชนเพื่อผ่อนคลายในผู้ที่มีปัญหาปวดไหล่ และคอ /^cโดยโสภา ลี้ศิริวัฒกุล, คณิสร แก้วดง และบุษยารัตน์ ลอยศักดิ์
260    ^aจันทบุรี :^bวิทยาลัยพยาบาลนี พระปกเกล้า จันทบุรี,^c2558
300    ^a74 แผ่น
700    ^aคณิสร แก้วแดง
700    ^aบุษยารัตน์ ลอยศักดิ์
945    ^p0^l0^i001405
999    ^aณรีรัตน์
รายการนี้ยังไม่มีแท็ก
คุณยังไม่ได้ล็อกอิน คุณสามารถมีกิจกรรมร่วมกับเว็บไซต์ได้ แต่ต้องล็อกอินก่อน ::
  ล็อกอิน

รายการสื่อสารสนเทศ

ลำดับที่ ประเภท เลขเรียก/บาร์โค้ด สถานที่ สถานะ
1. งานวิจัย
งานวิจัย
วจ.WB537 ส984ผ ฉ.1 
  Barcode: 001405
ห้องสมุดวิทยาเขตสวรรค์ประชารักษ์
►วิจัย
บนชั้น

BibComment


ยังไม่เคยถูกคอมเมนท์

คอมเมนท์ทรัพยากรรายการนี้
  คอมเมนท์: ผลของการพัฒนาทัก..


 Copyright 2026. Bcnsprnw @Library